Pro Wrestling Terminology - Statistics

General Stats
  • This quiz has been taken 566 times
  • The average score is 11 of 15
Answer Stats
Hint Answer % Correct
A wrestler who is liked and cheered by fans, and usually acts as a "good guy" Babyface
95%
A wrestler who is hated and booed by fans, and usually acts as a "bad guy" Heel
95%
Person who commonly loses to others to make them look good. Jobber
93%
Reacting to an opponent's attacks to make them look like they really hurt Selling
92%
Showing no reaction to an opponent's moves, usually to show endurance or immunity to pain. No-selling
83%
One-sided, usually short match that makes the winner look dominant. Squash
83%
A wrestler intentionally cutting themselves, usually on the forehead, to bleed after an attack. Blading
81%
A non-televised wrestling show House show
75%
The presentation of pro wrestling as if it were real Kayfabe
73%
To fall on the mat or ground after being hit by an opponent's move Bump
72%
The staging area just behind the curtain where wrestlers come out to the ring Gorilla position
68%
When a fresh tag team partner comes into the match and begins dominating the other team Hot tag
68%
A hold applied during the match, such as a chinlock or headlock, that allows wrestlers to catch their breath for a moment Rest hold
48%
When a referee gets knocked out of the match, temporarily or permanently Ref bump
42%
The first wrestler to come out for the first match. Also sometimes refers to the first match itself. Curtain jerker
25%
No matching quizzes found
Score Distribution
Percent of People with Each Score
Percentile by Number Answered
Your Score History
You have not taken this quiz